|
|
|
|
| LEADER |
01357nam a2200325 a 4500 |
| 001 |
40052 |
| 003 |
BD-DhAAL |
| 008 |
221117t1999 nyua bs 000 0 eng d |
| 999 |
|
|
|c 45067
|d 45067
|
| 010 |
|
|
|a 99042788
|
| 020 |
|
|
|a 0385499124 (pbk.)
|
| 020 |
|
|
|a 9780385499125
|
| 035 |
|
|
|a (DLC) 99042788
|
| 040 |
|
|
|a DLC
|c DLC
|d DLC
|d BD-DhAAL
|
| 043 |
|
|
|a n-us---
|
| 050 |
0 |
0 |
|a HN60
|b .B46 1999
|
| 082 |
0 |
0 |
|a 306.0973
|
| 100 |
1 |
|
|a Bennett, William J.
|q (William John),
|d 1943-
|9 52443
|
| 245 |
1 |
4 |
|a The index of leading cultural indicators :
|b American society at the end of the 20th century /
|c William J. Bennett.
|
| 250 |
|
|
|a Updated and expanded [edition].
|
| 260 |
|
|
|a New York :
|b Broadway Books ;
|a Colorado Springs :
|b WaterBrook Press,
|c c1999.
|
| 300 |
|
|
|a vi, 255 pages :
|b illustrations ;
|c 21 cm.
|
| 500 |
|
|
|a Rev. and expanded edition
|
| 504 |
|
|
|a Includes bibliographical references.
|
| 541 |
|
|
|a Donated By Akbar Ali Khan
|e 40052
|
| 650 |
|
0 |
|a Social indicators
|z United States.
|9 52444
|
| 651 |
|
0 |
|a United States
|x Social conditions
|y 1945-
|v Statistics.
|9 52445
|
| 852 |
|
|
|a Ayesha Abed Library
|c Akbar Ali Khan Collection
|
| 942 |
|
|
|2 ddc
|c BK
|
| 952 |
|
|
|0 0
|1 0
|2 ddc
|4 0
|6 306_097300000000000_BEN
|7 1
|9 72360
|a BRACUL
|b BRACUL
|c CS1
|d 2022-11-17
|e Donated by Akbar Ali Khan
|g 1130.40
|l 0
|o 306.0973 BEN
|p 3010040052
|r 2022-11-17
|t 1
|w 2022-11-17
|y BK
|x USD 10.95
|